|
|
|
|
| LEADER |
00000nam a2200000 i 4500 |
| 001 |
1/6822 |
| 008 |
960716s1992 gre d |
| 035 |
|
|
|l 10016490
|
| 040 |
|
|
|a GR-MY-UA
|b gre
|e aacr
|
| 041 |
0 |
|
|a gre
|
| 082 |
0 |
|
|a 551.4470949582
|
| 100 |
1 |
|
|a Χουτζαίος, Γεώργιος Μ.
|
| 245 |
1 |
0 |
|a Σπήλαια και άλλα καρστικά φαινόμενα της Λέσβου /
|c Γεωργίου Μ. Χουτζαίου ; Θεοδώρου Μ. Χουτζαίου
|
| 250 |
|
|
|a 2η έκδ.
|
| 260 |
|
|
|a Μυτιλήνη :
|b [χ.ε.],
|c 1992
|
| 300 |
|
|
|a 106 σ.
|b εικ.
|
| 504 |
|
|
|a Περιέχει βιβλιογραφικές παραπομπές
|
| 650 |
0 |
0 |
|a Caves
|z Lesbos Island (Greece)
|
| 700 |
1 |
|
|a Χουτζαίος, Θεόδωρος Μιλτ.
|d 1947-
|
| 852 |
|
|
|a INST
|b LESVOS
|e 19960716
|h 551.4470949582 ΧOΥ
|p 005100009528
|q 005100009528
|t BK
|y 0
|
| 852 |
|
|
|a INST
|b LESVOS
|e 19960716
|h 551.4470949582 ΧOΥ
|p 005100009529
|q 005100009529
|t BK
|y 0
|
| 852 |
|
|
|a INST
|b LESVOS
|e 19960716
|h 551.4470949582 ΧOΥ
|p 005100009530
|q 005100009530
|t BK
|y 0
|
| 852 |
|
|
|a INST
|b LESVOS
|e 19960716
|h 551.4470949582 ΧOΥ
|p 005100009531
|q 005100009531
|t BK
|y 0
|
| 852 |
|
|
|a INST
|b LESVOS
|e 20011112
|h 551.4470949582 ΧOΥ
|p 005100025182
|q 005100025182
|t BK
|y 0
|
| 852 |
|
|
|a INST
|b LESVOS
|e 20011112
|h 551.4470949582 ΧOΥ
|p 005100025183
|q 005100025183
|t BK
|y 0
|
| 852 |
|
|
|a INST
|b LESVOS
|e 20020108
|h 551.4470949582 ΧOΥ
|p 005100028526
|q 005100028526
|t BK
|y 0
|
| 901 |
|
|
|a BIBL1-2000-2
|
| 901 |
|
|
|a BIBL1-2002-1
|
| 901 |
|
|
|a BIBL1-2002-3
|
| 909 |
|
|
|a Λ
|b 043657
|
| 909 |
|
|
|a Λ
|b 046570
|
| 909 |
|
|
|a Λ
|b 046572
|
| 909 |
|
|
|a Λ
|b 046571
|
| 909 |
|
|
|a Λ
|b 099117
|
| 909 |
|
|
|a Λ
|b 099047
|
| 909 |
|
|
|a Λ
|b 099048
|
| 920 |
|
|
|a ΔΩΡΕΑ ΒΙΒΛΙΟΘΗΚΗΣ
|y ΛΕΣΒΟΣ
|z 1996-07
|
| 920 |
|
|
|a ΥΠΟΥΡΓΕΙΟ ΑΙΓΑΙΟΥ
|y ΛΕΣΒΟΣ
|z 2001-11
|
| 922 |
|
|
|a 1ΔΩΡ
|b 199607
|c ΧΟΥΤΖΑΙΟΣ
|
| 922 |
|
|
|a 1ΕΛΗ
|b 200111
|c ΤΑΚ/ΚΥΒ
|d ΝΙΚΟΛΑΟΥ
|
| 950 |
|
|
|a 023-2001-11-02
|
| 970 |
|
|
|z 2000/08/ELIDOC
|
| 970 |
|
|
|a ΚΑΜΑΤΣΟΥ
|b ΔΕΣΠΟΙΝΑ
|z 2002/09/09
|